| 000 | 01060nam a2200325 i 4500 | ||
|---|---|---|---|
| 001 | 7200 | ||
| 003 | ES-MaACL | ||
| 005 | 20250602063218.0 | ||
| 008 | 901008s1987 sp |||| | spa d | ||
| 017 | _aM 16056-1987 | ||
| 020 | _a8486280257 | ||
| 040 | _cES-MaACL | ||
| 080 | _a91(464.1)"18" | ||
| 245 | 0 | 3 |
_aEl Madrid de Galdós / _cCarlos Pla, Pilar Benito, Mercedes Casado, Juan Carlos Poyán |
| 250 | _a1ª ed. | ||
| 260 |
_aMadrid : _bEl Avapiés, _c1987. |
||
| 300 |
_a183 p. ; _c22 cm. |
||
| 490 | 1 | _aMatrice | |
| 600 | 1 | 4 |
_aPérez Galdós, Benito, _d1843-1920- _xCrítica e interpretación _990875 |
| 651 | 4 |
_aMadrid- _xUsos y costumbres- _yS.XIX _98988 |
|
| 700 | 0 |
_aPla, Carlos _992468 _eaut |
|
| 700 | 0 |
_aBenito, Pilar _eaut _9240782 |
|
| 700 | 0 |
_aCasado, Mercedes _eaut _9240783 |
|
| 700 | 0 |
_aPoyán, Juan Carlos _eaut _9240784 |
|
| 830 | 0 |
_aMatrice _9226837 |
|
| 852 |
_aES-MaACL _jL-14425 _cDEPO2 _xEncuadernación rústica con solapas |
||
| 942 |
_cMONOGRAFIA _n0 |
||
| 999 |
_c7200 _d7200 |
||